Statistics for Most densely populated countries by population-weighted density

Click here to take the quiz!

General Stats

  • This quiz has been taken 61 times
  • The average score is 12 of 20

Answer Stats

PWDCountry% Correct
19,171.0Singapore
90%
13,185.8Monaco
86%
7,046.9South Korea
86%
3,291.8Japan
84%
6,552.2Taiwan
76%
3,611.7United Kingdom
76%
5,190.9Qatar
73%
7,260.6Bahrain
67%
6,127.6Kuwait
65%
3,150.7Israel
63%
4,228.8Brazil
51%
6,481.4Lebanon
51%
4,156.1Turkey
51%
3,162.4Dominican Republic
47%
4,550.7Egypt
47%
3,251.6Jordan
47%
12,501.1Maldives
47%
4,904.9Mexico
45%
3,222.1Peru
35%
3,902.7Uruguay
22%

Score Distribution

Percentile by Number Answered

Percent of People with Each Score

Your Score History

You have not taken this quiz